00559nam a22001931i 450000100060000001000180000609000100002410000410003410100080007520000450008320500140012821000340014221500230017670000310019970200350023080100120026599000110027799500770028820144 a9789727590636 a20144 a20170304u u u0frey50 ba0 apor1 fDaniel GolemanaInteligência emocional a12.ª ed. cTemas e DebatesaLisboad2003 a374, [2] p.d24 cm aGolemanbDaniel407093747 aCorreiabMário Dias4730970 aPTgRPC cLIVROS 0010927550bBMVAdBMVAALf0003133ALk159.9 GOLm2019-07-22o0rLIVROSs